000
00232nam a2200097Ia 4500
008
240331s9999 xx 000 0 und d
082
_a
303.6
_b
SRI
100
_a
Harris, E. ed
245
0
_a
Sri Lanka :
_b
making peace possible
942
_c
L
999
_c
1265
_d
1265